000 00732cab a22002055a 4500
001 L153823
008 110912e20110808xxk 000 0 eng d
035 _a(Sirsi) u153823
041 0 _aeng
100 1 _aWilkinson, Geoff
245 0 4 _aThe design of domestic staircases causes a number of problems
_bhere are just some of them
260 _c2011
490 _aArchitects' Journal
_v234(6) 8 August 2011, 20(1)
520 _aLooks at some of the common problems including acoustic performance, protection from falling, headroom, landings, and tapered treads or kites.
590 _aKA
651 4 _aUnited Kingdom
_y
690 _aBuilding regulations
_96224
690 _aBUILT ENVIRONMENT-CONSTRUCTION DESIGN
942 _n0
999 _c83388
_d83388